| 000 | 02065cam a22005414i 4500 | ||
|---|---|---|---|
| 003 | PE-LiUPU | ||
| 005 | 20250731173035.0 | ||
| 008 | 150623s r 000 0 d | ||
| 020 | _a080102109X | ||
| 035 | _a(Sirsi) i9780801021091 | ||
| 040 |
_aPE-LiUPU _bspa _cPE-LiUPU _erda |
||
| 049 | _aPRUA | ||
| 082 | 0 | 4 |
_a254.22 _bP714 _223 |
| 245 | 0 | 0 |
_aPlanting and growing urban churches : _bfrom dream to reality / _ceditado por Harvie M. Conn. |
| 264 | 1 |
_aGrand Rapids : _bBaker Books, _c2002. |
|
| 300 |
_a271 páginas ; _c24 centímetros. |
||
| 336 |
_atext _2rdacontent |
||
| 337 |
_aunmediated _2rdamedia |
||
| 338 |
_avolume _2rdacarrier |
||
| 504 | _aBibliografía al pie de páginas. | ||
| 505 | 0 | _aSearching for the right questions. -Strategy planing: searching for the right answers. -Targeting: linking church to urban community. -Samples: linking strategy to model. | |
| 526 | _aSEG42 | ||
| 526 | _aSEG41 | ||
| 526 | _aSEG40 | ||
| 526 | _aSEG39 | ||
| 526 | _aP94 | ||
| 526 | _aP87 | ||
| 526 | _aP86 | ||
| 526 | _aP85 | ||
| 526 | _aP77 | ||
| 526 | _aP76 | ||
| 526 | _aP35 | ||
| 650 | 0 | 4 | _aCrecimiento de iglesia. |
| 650 | 0 | 4 | _aIglesias urbanas. |
| 700 | 1 |
_aHarvie M. Conn, _eeditor. |
|
| 942 |
_2ddc _cBK _n0 |
||
| 949 |
_a254.22 P714 _wDEWEY _c1 _i48201 _lCCODEBUL1 _mBUL _r0 _sY _tBOOK _u2015-6-24 _xTEOLOGIA _0COMPRA _o.STAFF. Colección General |
||
| 949 |
_a254.22 P63 _wDEWEY _c2 _i54196 _lCCODEBUL1 _mBUL _r0 _sY _tBOOK _u2015-6-24 _xTEOLOGIA _0COMPRA _o.STAFF. Colección General |
||
| 949 |
_a254.22 P63 _wDEWEY _c3 _i44979 _lCCODEBUL1 _mBUL _r0 _sY _tBOOK _u2015-6-24 _xTEOLOGIA _0COMPRA _o.STAFF. Colección General |
||
| 949 |
_a254.22 P63 _wDEWEY _c4 _i45755 _lCCODEBUL1 _mBUL _r0 _sY _tBOOK _u2015-6-24 _xTEOLOGIA _0COMPRA _o.STAFF. Colección General |
||
| 949 |
_a254.22 P63 _wDEWEY _c5 _i46098 _lILL _mBUL _r0 _sY _tBOOK _u2015-6-24 _xTEOLOGIA _0COMPRA _o.STAFF. Colección General |
||
| 980 |
_81 _gALBERTO SANCHEZ Responsable de Automatización |
||
| 999 |
_c25747 _d25747 |
||